Paesi per Bandiere Confinanti #1 - Statistics

Statistiche generali
  • Questo quiz è stato fatto 4.412 volte
  • Il punteggio medio è 16 su 20
Statistiche sulle risposte
Flags Country % Corretto
Canada
100%
Regno Unito
98%
Andorra
97%
Paesi Bassi
96%
Svezia
95%
Stati Uniti
94%
Spagna
91%
Mongolia
90%
Uruguay
90%
Irlanda
88%
Corea del Nord
83%
Lesotho
80%
Libano
80%
Danimarca
79%
Qatar
73%
Bangladesh
66%
Cambogia
65%
Indonesia
64%
Panama
61%
Brunei
51%
Nessun quiz corrispondente trovato
Distribuzione punteggi
Percentuale di utenti per punteggio
Percentile per numero di risposta
I tuoi punteggi nel tempo
Non hai fatto questo quiz